00445nam a2200145Ia 4500008004100000082001100041082000800052245008200060245001500142260001500157300000900172942000800181999001900189952009100208231017s9999 xx 000 0 und d a625.84 bSON 0aDamage Analysis in Asphalt Concrete Mixtures Based on Parameter Relationships 0cInjun Song bInjun Song c30cm cREP c604885d604885 00104070aNITbNITd2023-10-17l0o625.84 SONpNIT-7899r2023-10-17w2023-10-17yREP